000
00329nam a22001457a 4500
008
221010b ||||| |||| 00| 0 eng d
020
_a
0070479496
041
_a
eng
080
_a
610.73
082
_a
610.73 OUS
100
_a
6
101
_a
INF
245
_a
MEDICAL CARE IN THE NURSING HOME
_c
OUSLANDER J
942
_2
udc
_c
BK
999
_c
58439
_d
58439